[Event "Ottawa March op"]
[Site "Ottawa CAN"]
[Date "2025.03.02"]
[Round "4.7"]
[White "Gavrilin, Roman"]
[Black "Iordanescu, Victor Nicolae"]
[Result "1-0"]
[WhiteElo "2341"]
[BlackElo "1850"]
[WhiteFideId "-1"]
[WhiteFideId "-1"]
[PlyCount "105"]
[GameId "2151684104158014"]
[EventDate "2025.02.28"]
[EventType "swiss"]
[EventRounds "5"]
[EventCountry "CAN"]

1. e4 c5 2. Nf3 d6 3. d4 cxd4 4. Nxd4 Nf6 5. Nc3 a6 6. g3 e5 7. Nde2 Be7 8. Bg2 Be6 9. a4 Qc7 10. h3 h5 11. Be3 Nc6 12. Nd5 Bxd5 13. exd5 Nb8 14. O-O Nbd7 15. a5 O-O 16. Nc3 b6 17. axb6 Nxb6 18. g4 hxg4 19. hxg4 Nc4 20. Bc1 Nd7 21. Ne4 Rfc8 22. b3 Ncb6 23. c4 a5 24. Be3 Nf6 25. c5 Nbd7 26. c6 Nf8 27. Nxf6+ Bxf6 28. g5 Be7 29. Qg4 Rcb8 30. b4 f5 31. gxf6 Bxf6 32. Rxa5 Rxa5 33. bxa5 Qxa5 34. Rc1 Qc7 35. Qa4 Ng6 36. Qa7 Bd8 37. Ra1 Nf4 38. Qxc7 Bxc7 39. Ra7 Nxg2 40. Rxc7 Nxe3 41. fxe3 Kh7 42. Rd7 Kg6 43. Rxd6+ Kf5 44. Rd7 g5 45. c7 Rc8 46. d6 Ra8 47. Rd8 Ra1+ 48. Kf2 Ra2+ 49. Ke1 Ke4 50. c8=Q Ra1+ 51. Kd2 Ra2+ 52. Kc1 Kxe3 53. Qc3+ 1-0

[Event "Ottawa March op"]
[Site "Ottawa CAN"]
[Date "2025.03.02"]
[Round "4.8"]
[White "Azar, Sebastien"]
[Black "Moses, Neil"]
[Result "1/2-1/2"]
[WhiteElo "2178"]
[BlackElo "2326"]
[WhiteFideId "-1"]
[WhiteFideId "-1"]
[PlyCount "105"]
[GameId "2151684104158019"]
[EventDate "2025.02.28"]
[EventType "swiss"]
[EventRounds "5"]
[EventCountry "CAN"]

1. e4 c5 2. Nf3 e6 3. d4 cxd4 4. Nxd4 a6 5. Nc3 Qc7 6. a3 Nf6 7. Be3 d6 8. f4 Nbd7 9. Qf3 b5 10. g4 h6 11. h4 h5 12. g5 Ng4 13. g6 Ndf6 14. gxf7+ Qxf7 15. O-O-O Nxe3 16. Qxe3 Ng4 17. Qf3 Be7 18. e5 d5 19. Bh3 O-O 20. Rdf1 Bc5 21. Nce2 Nh6 22. Rhg1 Kh7 23. Rg2 g6 24. c3 Bd7 25. Rfg1 Rg8 26. Qd3 Rac8 27. Nf3 Qe8 28. Ng3 Kh8 29. Nxh5 gxh5 30. Rxg8+ Nxg8 31. Ng5 Qe7 32. Rf1 b4 33. Qg6 Be8 34. Qxe6 Qxe6 35. Bxe6 Rc7 36. axb4 Be3+ 37. Kc2 d4 38. Kd3 Bb5+ 39. c4 Be8 40. f5 Nh6 41. f6 Bg6+ 42. Ke2 Bxg5 43. hxg5 Nf7 44. Bf5 Nxe5 45. Bxg6 Nxg6 46. Kd3 Rd7 47. c5 Kg8 48. Ke4 d3 49. c6 Rd6 50. Rd1 Rxc6 51. Rxd3 Rc7 52. Rd6 Kf7 53. Rxa6 1/2-1/2

[Event "Ottawa March op"]
[Site "Ottawa CAN"]
[Date "2025.03.02"]
[Round "4.10"]
[White "Wiebe, Isaac"]
[Black "Zhu, Elber"]
[Result "1-0"]
[WhiteElo "2224"]
[BlackElo "2105"]
[WhiteFideId "-1"]
[WhiteFideId "-1"]
[PlyCount "69"]
[GameId "2151684104092477"]
[EventDate "2025.02.28"]
[EventType "swiss"]
[EventRounds "5"]
[EventCountry "CAN"]

1. Nf3 d5 2. e3 Nf6 3. c4 e6 4. Nc3 Be7 5. b3 O-O 6. Bb2 c5 7. cxd5 exd5 8. d4 Nc6 9. Be2 Bg4 10. dxc5 Bxc5 11. O-O Bb6 12. Nb5 Ne8 13. Rc1 Nc7 14. Nbd4 Bxf3 15. Bxf3 Nxd4 16. Bxd4 Qd6 17. Qd2 Rad8 18. Rfd1 Rd7 19. Qb2 Bxd4 20. Qxd4 a6 21. Rc2 Rfd8 22. Rcd2 Qa3 23. Qb6 Ne6 24. h4 Rd6 25. Qxb7 R6d7 26. Rxd5 Rxb7 27. Rxd8+ Nf8 28. Bxb7 g5 29. Ra8 Kg7 30. Rxa6 Qb2 31. Ra7 Qc2 32. Bf3 Qc5 33. Rb7 Qc2 34. a4 Qf5 35. Rb5 1-0

[Event "Ottawa March op"]
[Site "Ottawa CAN"]
[Date "2025.03.02"]
[Round "4.11"]
[White "Clyde, Jordan"]
[Black "Kellar, Ben"]
[Result "0-1"]
[WhiteElo "2299"]
[BlackElo "1994"]
[WhiteFideId "-1"]
[WhiteFideId "-1"]
[PlyCount "113"]
[GameId "2151684104158020"]
[EventDate "2025.02.28"]
[EventType "swiss"]
[EventRounds "5"]
[EventCountry "CAN"]

1. e4 c5 2. Nc3 Nc6 3. b3 e5 4. Nf3 g6 5. Bb5 Bg7 6. Bxc6 bxc6 7. d3 Ne7 8. h4 h5 9. Be3 Qa5 10. Bd2 Qc7 11. Be3 Qa5 12. Qd2 d6 13. a3 f6 14. O-O O-O 15. b4 cxb4 16. axb4 Qc7 17. Ra3 a6 18. b5 cxb5 19. Nxb5 Qb8 20. Qa5 Nc6 21. Qa4 Be6 22. Rfa1 Rf7 23. Rc3 Bd7 24. Qa3 Bf8 25. Rb3 d5 26. Qa4 Nb4 27. Rxb4 Bxb4 28. Qxb4 d4 29. Bd2 Qxb5 30. Qa3 Qc6 31. Kh2 Bg4 32. Ne1 Be6 33. Ba5 Rb7 34. Qc1 Kh7 35. Qa3 Bf7 36. f3 Qe6 37. Kg1 Rc8 38. Bd2 Rc6 39. Qf8 Qe8 40. Qa3 Qe7 41. Qa4 Rcb6 42. Kf2 f5 43. Bg5 Qe6 44. Qa3 Be8 45. Qf8 Rf7 46. Qc5 Bb5 47. Kg3 Rc6 48. Qb4 fxe4 49. fxe4 Rc8 50. Qa5 Rc3 51. Bd2 Qg4+ 52. Kh2 Qxh4+ 53. Kg1 Rc8 54. Ra2 Qf6 55. Rb2 g5 56. g3 g4 57. Rb3 0-1

[Event "Ottawa March op"]
[Site "Ottawa CAN"]
[Date "2025.03.02"]
[Round "4.12"]
[White "Gordon, David"]
[Black "Ramesan, Raunak Amit"]
[Result "1/2-1/2"]
[WhiteElo "2147"]
[BlackElo "2032"]
[WhiteFideId "-1"]
[WhiteFideId "-1"]
[PlyCount "79"]
[GameId "2151684104158016"]
[EventDate "2025.02.28"]
[EventType "swiss"]
[EventRounds "5"]
[EventCountry "CAN"]

1. d4 d5 2. c4 c6 3. Nf3 Nf6 4. Nc3 e6 5. Bg5 h6 6. Bxf6 Qxf6 7. e3 Nd7 8. Bd3 g6 9. O-O Bg7 10. cxd5 exd5 11. b4 O-O 12. b5 Nb6 13. Rc1 Qd6 14. bxc6 bxc6 15. Qc2 Bd7 16. Na4 Rfc8 17. Nc5 Be8 18. Ba6 Rc7 19. Ne1 Bd7 20. Qd2 Bf5 21. a4 Nd7 22. Nxd7 Qxd7 23. Nd3 Bxd3 24. Qxd3 Rb8 25. Qc2 Bf8 26. Rfd1 Qe6 27. Be2 Rbc8 28. Qb3 Bg7 29. Bf3 Qe8 30. Rc2 Bf8 31. g3 Bd6 32. Rdc1 h5 33. h4 Kg7 34. Kg2 Qe7 35. Qd3 Qf6 36. Qa6 Ba3 37. Ra1 Be7 38. Rac1 Ba3 39. Ra1 Be7 40. Rac1 1/2-1/2

[Event "Ottawa March op"]
[Site "Ottawa CAN"]
[Date "2025.03.02"]
[Round "5.1"]
[White "Sai, Krishna GV"]
[Black "Han, Johnathan"]
[Result "1/2-1/2"]
[WhiteElo "2491"]
[BlackElo "2476"]
[WhiteFideId "-1"]
[WhiteFideId "-1"]
[PlyCount "46"]
[GameId "2151684104158022"]
[EventDate "2025.02.28"]
[EventType "swiss"]
[EventRounds "5"]
[EventCountry "CAN"]
[WhiteClock "0:16:15"]
[BlackClock "1:13:26"]

1. e4 {[%emt 0:53:32]} c5 2. Nf3 d6 3. d4 cxd4 4. Nxd4 Nf6 5. Nc3 a6 6. Bg5 e6 7. f4 Be7 8. Qf3 Qc7 9. O-O-O Nbd7 10. g4 b5 11. Bxf6 Nxf6 12. g5 Nd7 13. f5 O-O 14. Qh5 b4 15. Rd3 bxc3 16. Rxc3 Qb6 17. Nc6 Bf6 18. e5 {[%emt 0:32:36]} g6 19. Qh4 {[%emt 0:05:31]} Bxe5 {[%emt 0:01:49]} 20. Ne7+ {[%emt 0:03:15]} Kh8 {[%emt 0:00:07]} 21. fxg6 {[%emt 0:01:07]} fxg6 {[%emt 0:00:13]} 22. Nxg6+ {[%emt 0:00:23]} Kg8 {[%emt 0:00:09]} 23. Ne7+ {[%emt 0:03:53]} Kh8 {[%emt 0:01:03]} 1/2-1/2

[Event "Ottawa March op"]
[Site "Ottawa CAN"]
[Date "2025.03.02"]
[Round "5.2"]
[White "Rodrigue-Lemieux, Shawn"]
[Black "Gavrilin, Roman"]
[Result "1-0"]
[WhiteElo "2616"]
[BlackElo "2341"]
[WhiteFideId "-1"]
[WhiteFideId "-1"]
[PlyCount "61"]
[GameId "2151684104158023"]
[EventDate "2025.02.28"]
[EventType "swiss"]
[EventRounds "5"]
[EventCountry "CAN"]
[WhiteClock "0:41:31"]
[BlackClock "0:55:24"]

1. e4 {[%emt 0:00:31]} c5 {[%emt 0:00:38]} 2. Nf3 {[%emt 0:00:09]} d6 {[%emt 0:00:06]} 3. Bb5+ {[%emt 0:00:15]} Bd7 {[%emt 0:00:09]} 4. Bxd7+ {[%emt 0:00:06]} Qxd7 {[%emt 0:00:07]} 5. c4 {[%emt 0:00:07]} Nf6 {[%emt 0:00:05]} 6. Nc3 {[%emt 0:00:07]} g6 {[%emt 0:51:12]} 7. d4 cxd4 8. Nxd4 Qc7 9. b3 Qa5 10. Bd2 Nc6 11. Nd5 Qd8 12. Nxf6+ exf6 13. Bc3 a6 14. O-O Bg7 15. Nxc6 bxc6 16. Qd3 Qe7 17. Rad1 {[%emt 0:01:19]} O-O {[%emt 0:01:34]} 18. Qxd6 {[%emt 0:29:42]} Qxe4 19. Bxf6 Bxf6 20. Qxf6 a5 21. Rfe1 {[%emt 0:00:26]} Qc2 {[%emt 0:00:29]} 22. h4 {[%emt 0:00:36]} h5 {[%emt 0:04:09]} 23. Rd7 {[%emt 0:01:39]} Qxa2 {[%emt 0:03:55]} 24. Kh2 {[%emt 0:07:00]} Qxb3 {[%emt 0:06:25]} 25. Ree7 Qxc4 {[%emt 0:02:37]} 26. Qxg6+ {[%emt 0:00:08]} fxg6 {[%emt 0:00:22]} 27. Rg7+ {[%emt 0:00:04]} Kh8 {[%emt 0:00:02]} 28. Rh7+ {[%emt 0:00:05]} Kg8 {[%emt 0:00:03]} 29. Rhg7+ {[%emt 0:00:03]} Kh8 {[%emt 0:00:07]} 30. Rh7+ {[%emt 0:00:02]} Kg8 {[%emt 0:00:04]} 31. Rdg7# {[%emt 0:00:03]} 1-0

[Event "Ottawa March op"]
[Site "Ottawa CAN"]
[Date "2025.03.02"]
[Round "5.3"]
[White "Liang, Jason"]
[Black "Jaferian, Koosha"]
[Result "1/2-1/2"]
[WhiteElo "2558"]
[BlackElo "2432"]
[WhiteFideId "-1"]
[WhiteFideId "-1"]
[PlyCount "57"]
[GameId "2151684104354638"]
[EventDate "2025.02.28"]
[EventType "swiss"]
[EventRounds "5"]
[EventCountry "CAN"]

1. e4 c6 2. d4 d5 3. e5 Bf5 4. Nf3 e6 5. Be2 c5 6. c3 Nc6 7. O-O Bg6 8. a3 cxd4 9. cxd4 Nge7 10. Nc3 Nf5 11. g4 Nh4 12. Nxh4 Qxh4 13. f4 h5 14. g5 Bf5 15. Rf3 Bg4 16. Rg3 f6 17. Be3 fxg5 18. fxg5 Be7 19. Qc2 Bxe2 20. Nxe2 Rf8 21. Qb3 O-O-O 22. Rc1 Rd7 23. Qd3 Rf5 24. g6 Kb8 25. Kg2 Bd8 26. Rh3 Qg4+ 27. Rg3 Qh4 28. Rh3 Qg4+ 29. Rg3 1/2-1/2

[Event "Ottawa March op"]
[Site "Ottawa CAN"]
[Date "2025.03.02"]
[Round "5.4"]
[White "Sambuev, Bator"]
[Black "Masse, Hugues"]
[Result "1-0"]
[WhiteElo "2510"]
[BlackElo "2172"]
[WhiteFideId "-1"]
[WhiteFideId "-1"]
[PlyCount "63"]
[GameId "2151684104354635"]
[EventDate "2025.02.28"]
[EventType "swiss"]
[EventRounds "5"]
[EventCountry "CAN"]

1. d4 Nf6 2. c4 g6 3. Nc3 d5 4. cxd5 Nxd5 5. e4 Nxc3 6. bxc3 Bg7 7. Bc4 c5 8. Ne2 Nc6 9. Be3 O-O 10. O-O b6 11. h4 cxd4 12. cxd4 e6 13. Bg5 Qd7 14. e5 Bb7 15. Rc1 Rac8 16. h5 Rfe8 17. hxg6 hxg6 18. Qd2 Ne7 19. f3 b5 20. Bb3 Rxc1 21. Rxc1 a6 22. Kf2 Nd5 23. Rh1 f5 24. exf6 Nxf6 25. Bxf6 Bxf6 26. Rh6 Kf7 27. Rh7+ Bg7 28. Qh6 Rg8 29. Bc2 Ke8 30. Bxg6+ Kd8 31. Qf4 Kc8 32. Bf7 1-0

[Event "Ottawa March op"]
[Site "Ottawa CAN"]
[Date "2025.03.02"]
[Round "5.5"]
[White "Wiebe, Isaac"]
[Black "Chiku-Ratte, Olivier-Kenta"]
[Result "1/2-1/2"]
[WhiteElo "2224"]
[BlackElo "2434"]
[WhiteFideId "-1"]
[WhiteFideId "-1"]
[PlyCount "53"]
[GameId "2151684104354632"]
[EventDate "2025.02.28"]
[EventType "swiss"]
[EventRounds "5"]
[EventCountry "CAN"]

1. Nf3 d5 2. d4 Nf6 3. c4 e6 4. Nc3 Bb4 5. Bg5 Nbd7 6. e3 O-O 7. Qc2 c5 8. cxd5 exd5 9. Bd3 h6 10. Bh4 Qa5 11. O-O Bxc3 12. bxc3 c4 13. Bf5 Re8 14. Nd2 Qa6 15. e4 dxe4 16. Nxe4 Nxe4 17. Bxe4 Nf6 18. Bxf6 Qxf6 19. Rfe1 Rd8 20. Re3 Rb8 21. Rae1 Be6 22. Rf3 Qh4 23. Bh7+ Kh8 24. Re4 Qg5 25. Re5 Qh4 26. Re4 Qg5 27. Re5 1/2-1/2

[Event "Ottawa March op"]
[Site "Ottawa CAN"]
[Date "2025.03.02"]
[Round "5.6"]
[White "Kellar, Ben"]
[Black "Dukic, Zachary"]
[Result "0-1"]
[WhiteElo "1994"]
[BlackElo "2369"]
[WhiteFideId "-1"]
[WhiteFideId "-1"]
[PlyCount "54"]
[GameId "2151684104354640"]
[EventDate "2025.02.28"]
[EventType "swiss"]
[EventRounds "5"]
[EventCountry "CAN"]

1. Nf3 d6 2. c4 e5 3. Nc3 f5 4. d3 Nf6 5. g3 Be7 6. Bg2 O-O 7. O-O a5 8. Rb1 Qe8 9. e3 h6 10. Ne1 c6 11. a3 Be6 12. f4 Nbd7 13. Nc2 a4 14. Bd2 Bd8 15. Qe2 Bb6 16. Kh1 e4 17. dxe4 Qf7 18. Rfc1 Bxc4 19. Qf3 fxe4 20. Nxe4 Nxe4 21. Qxe4 Nc5 22. Qd4 Nb3 23. Qxb6 Nxd2 24. Ra1 Nb3 25. Nd4 Nxa1 26. Rxa1 Ra6 27. Qb4 c5 0-1

[Event "Ottawa March op"]
[Site "Ottawa CAN"]
[Date "2025.03.02"]
[Round "5.7"]
[White "Moses, Neil"]
[Black "Rousskikh, Maxim"]
[Result "1/2-1/2"]
[WhiteElo "2326"]
[BlackElo "2136"]
[WhiteFideId "-1"]
[WhiteFideId "-1"]
[PlyCount "85"]
[GameId "2151684104354633"]
[EventDate "2025.02.28"]
[EventType "swiss"]
[EventRounds "5"]
[EventCountry "CAN"]

1. e4 c6 2. d4 d5 3. Nc3 dxe4 4. Nxe4 Nf6 5. Qd3 Nxe4 6. Qxe4 Nd7 7. Bc4 Nf6 8. Qd3 e6 9. Nf3 b5 10. Bb3 a5 11. a4 Ba6 12. O-O Be7 13. Ne5 Qb6 14. Bd2 b4 15. Bc4 O-O 16. Bxa6 Qxa6 17. Qf3 Rac8 18. Bg5 Rfd8 19. Rad1 Rd5 20. c3 c5 21. Bxf6 Bxf6 22. Ng4 Be7 23. Ne3 Rdd8 24. d5 bxc3 25. bxc3 Bf6 26. dxe6 Qxe6 27. Nd5 Be5 28. c4 Rb8 29. Rfe1 g6 30. Qe3 Bd4 31. Qf3 Be5 32. Re2 Qd6 33. g3 Rb2 34. Rxb2 Bxb2 35. Re1 Rf8 36. Re7 Qa6 37. Qb3 Bd4 38. Kg2 h5 39. h4 Kg7 40. f4 Qc8 41. Qd3 Qg4 42. Ne3 Bxe3 43. Rxe3 1/2-1/2

[Event "Ottawa March op"]
[Site "Ottawa CAN"]
[Date "2025.03.02"]
[Round "5.8"]
[White "Kot, Emanuel"]
[Black "Windram, James"]
[Result "1-0"]
[WhiteElo "2239"]
[BlackElo "2122"]
[WhiteFideId "-1"]
[WhiteFideId "-1"]
[PlyCount "141"]
[GameId "2151684104354641"]
[EventDate "2025.02.28"]
[EventType "swiss"]
[EventRounds "5"]
[EventCountry "CAN"]

1. e4 c5 2. Nf3 d6 3. d4 cxd4 4. Nxd4 Nf6 5. Nc3 Nc6 6. Bc4 e6 7. Be3 a6 8. Qe2 Qc7 9. Bb3 Na5 10. O-O-O b5 11. f3 Nxb3+ 12. axb3 b4 13. Na4 Nd7 14. Qc4 Qxc4 15. bxc4 Bb7 16. b3 g6 17. Bd2 e5 18. Ne2 a5 19. Kb2 Bc6 20. Ra1 f5 21. Ng3 Bg7 22. c3 f4 23. Ne2 Nc5 24. cxb4 Nd3+ 25. Kc2 Nxb4+ 26. Bxb4 axb4 27. Nb2 O-O 28. Nd3 Rab8 29. Ra6 Rfc8 30. Kd2 Bf6 31. Nec1 Bd8 32. Na2 Ra8 33. Rxa8 Rxa8 34. Naxb4 Bb7 35. Nc2 Ba5+ 36. Ndb4 Bc8 37. Kd3 Rb8 38. Kc3 Bb6 39. Nd5 Bd8 40. Ra1 Bb7 41. b4 Bh4 42. Ne1 Bf2 43. Nc2 Kf7 44. Ra5 Rc8 45. Kd3 h5 46. Ra1 Rc6 47. Ke2 Bb6 48. Nxb6 Rxb6 49. b5 g5 50. h3 Kf6 51. Nb4 Kg6 52. Nd3 g4 53. hxg4 hxg4 54. Nb4 Kg5 55. Rh1 Bc8 56. Rh8 Be6 57. Kd3 Rb7 58. Nc6 Bd7 59. Na5 Rb6 60. Rd8 Bxb5 61. cxb5 Rxb5 62. Nc4 Rb3+ 63. Ke2 Rc3 64. Nd2 Re3+ 65. Kd1 Kh4 66. Rxd6 g3 67. Rh6+ Kg5 68. Re6 Ra3 69. Rxe5+ Kh4 70. Rb5 Re3 71. Rb3 1-0

[Event "Ottawa March op"]
[Site "Ottawa CAN"]
[Date "2025.03.02"]
[Round "5.10"]
[White "Lane, Ryan"]
[Black "Duval, Mathieu"]
[Result "1-0"]
[WhiteElo "2204"]
[BlackElo "2029"]
[WhiteFideId "-1"]
[WhiteFideId "-1"]
[PlyCount "55"]
[GameId "2151684104354637"]
[EventDate "2025.02.28"]
[EventType "swiss"]
[EventRounds "5"]
[EventCountry "CAN"]

1. e4 g6 2. d4 Bg7 3. Nc3 d6 4. Be3 a6 5. g3 b6 6. Bg2 Bb7 7. Nge2 Nd7 8. O-O e5 9. f4 Ne7 10. Bh3 O-O 11. dxe5 dxe5 12. Qxd7 exf4 13. Bxf4 Nc6 14. Qxc7 Qxc7 15. Bxc7 Nd4 16. Bxb6 Nxe2+ 17. Nxe2 Bxe4 18. Bd4 Bxc2 19. Bxg7 Kxg7 20. Nd4 Bd3 21. Rfd1 Bc4 22. b3 Bd5 23. Nf5+ gxf5 24. Rxd5 Rfe8 25. Rxf5 Rad8 26. Raf1 Re7 27. Bg4 Rdd7 28. Rxf7+ 1-0

[Event "Ottawa March op"]
[Site "Ottawa CAN"]
[Date "2025.03.02"]
[Round "5.11"]
[White "Hong, Zihan"]
[Black "Gordon, David"]
[Result "1-0"]
[WhiteElo "1931"]
[BlackElo "2147"]
[WhiteFideId "-1"]
[WhiteFideId "-1"]
[PlyCount "131"]
[GameId "2151684104354642"]
[EventDate "2025.02.28"]
[EventType "swiss"]
[EventRounds "5"]
[EventCountry "CAN"]

1. d4 Nf6 2. Bf4 g6 3. Nc3 Bg7 4. e4 O-O 5. Qd2 d5 6. e5 Ne4 7. Nxe4 dxe4 8. O-O-O c5 9. d5 Nd7 10. Bh6 Bxh6 11. Qxh6 Nxe5 12. Be2 f5 13. h4 Nf7 14. Qe3 Qd6 15. Nh3 b6 16. h5 Bd7 17. hxg6 hxg6 18. Nf4 Kg7 19. Bc4 Rh8 20. Ne6+ Kf6 21. g4 Bxe6 22. Rxh8 Nxh8 23. g5+ Kg7 24. dxe6 Qh2 25. f3 Qh3 26. Be2 Kg8 27. Qf4 Qg2 28. Qe3 Qh3 29. b3 Rf8 30. Rd7 exf3 31. Bxf3 Qh7 32. Rxa7 Qg7 33. c3 f4 34. Qe1 Rf5 35. Ra8+ Rf8 36. Rxf8+ Qxf8 37. Qd2 Qb8 38. Qd5 Kg7 39. a4 Qc7 40. Kc2 b5 41. axb5 Qa5 42. Qxc5 Qa2+ 43. Kd3 Qb1+ 44. Kd4 Kf8 45. Qe5 Kg8 46. Qb8+ Kh7 47. Qxf4 Qxb3 48. c4 Qb4 49. Be4 Qb2+ 50. Kd5 Qa2 51. Qe5 Qa8+ 52. Kc5 Qa7+ 53. Kb4 Qa2 54. Qd4 Qh2 55. b6 Qg3 56. b7 Qc7 57. Qc5 Qd8 58. Kb5 Qe8+ 59. Qc6 Qb8 60. Qd5 Qc7 61. Qd7 Qe5+ 62. Bd5 Qb2+ 63. Kc6 Qb4 64. Kc7 Qa5+ 65. Kc8 Qc5+ 66. Qc6 1-0

[Event "Ottawa March op"]
[Site "Ottawa CAN"]
[Date "2025.03.02"]
[Round "5.12"]
[White "Pelev, Iassen"]
[Black "Nagelberg, Alan"]
[Result "1/2-1/2"]
[WhiteElo "2109"]
[BlackElo "1909"]
[WhiteFideId "-1"]
[WhiteFideId "-1"]
[PlyCount "153"]
[GameId "2151684104354643"]
[EventDate "2025.02.28"]
[EventType "swiss"]
[EventRounds "5"]
[EventCountry "CAN"]

1. e4 c5 2. Nf3 Nc6 3. d4 cxd4 4. Nxd4 g6 5. c4 Nf6 6. Nc3 Nxd4 7. Qxd4 d6 8. Be2 Bg7 9. Be3 O-O 10. Qd1 a5 11. O-O a4 12. Rc1 Qa5 13. f3 Be6 14. Nb5 Rfc8 15. Qe1 Qxe1 16. Rfxe1 Nd7 17. Nd4 Nc5 18. Nxe6 fxe6 19. Rb1 Kf7 20. Bf1 Ra6 21. g3 Rc7 22. Rec1 Ra8 23. Rc2 b6 24. Bg2 Ra6 25. f4 Nd3 26. Rd2 Nb4 27. Bf1 Rc5 28. Bxc5 bxc5 29. Be2 Nxa2 30. Ra1 Nb4 31. Bd1 Nc6 32. Rxa4 Rxa4 33. Bxa4 Nd4 34. Bd1 e5 35. Kg2 exf4 36. gxf4 Ne6 37. Rf2 Bd4 38. f5 Ng5 39. Re2 Kf6 40. b3 Ke5 41. h4 Nf7 42. Kf3 Kf6 43. Bc2 Ne5+ 44. Kf4 Nc6 45. Rg2 Be5+ 46. Ke3 Nd4 47. fxg6 hxg6 48. Bd1 Kf7 49. Ra2 Bf6 50. h5 gxh5 51. Bxh5+ Ke6 52. Bg4+ Ke5 53. Bd1 Bg5+ 54. Kd3 Nc6 55. Rf2 Nb4+ 56. Kc3 Kxe4 57. Re2+ Kf4 58. Bc2 Kf3 59. Re6 Bf6+ 60. Kd2 Bg5+ 61. Kc3 Bf6+ 62. Kd2 Bg5+ 63. Kd1 Kf2 64. Re2+ Kf3 65. Be4+ Kf4 66. Bd5 Bf6 67. Kd2 Be5 68. Rf2+ Kg5 69. Kd1 Bf6 70. Be4 Kg4 71. Ke2 Bd4 72. Rf7 Bf6 73. Ke3 Bd4+ 74. Ke2 Bf6 75. Bb7 Kf4 76. Kd2 Ke5 77. Bg2 1/2-1/2

[Event "Ottawa March op"]
[Site "Ottawa CAN"]
[Date "2025.03.02"]
[Round "5.14"]
[White "Iordanescu, Victor Nicolae"]
[Black "Ramesan, Raunak Amit"]
[Result "1-0"]
[WhiteElo "1850"]
[BlackElo "2032"]
[WhiteFideId "-1"]
[WhiteFideId "-1"]
[PlyCount "73"]
[GameId "2151684104354636"]
[EventDate "2025.02.28"]
[EventType "swiss"]
[EventRounds "5"]
[EventCountry "CAN"]

1. Nf3 d5 2. g3 g6 3. Bg2 Bg7 4. d4 Nf6 5. O-O O-O 6. c4 c6 7. Nc3 dxc4 8. e4 b5 9. Qe2 Bb7 10. Rd1 Nbd7 11. e5 Nd5 12. e6 N7b6 13. exf7+ Rxf7 14. Ng5 Nxc3 15. bxc3 Rf6 16. Ne6 Qd6 17. Nc5 Bc8 18. Bf4 Rxf4 19. gxf4 Nd5 20. Bxd5+ Qxd5 21. Qe4 Qd6 22. Re1 Bf5 23. Qxe7 Qxf4 24. Qe3 Qd6 25. Qg3 Qxg3+ 26. hxg3 b4 27. Rac1 bxc3 28. Rxc3 Bxd4 29. Rxc4 Bg7 30. g4 Bc8 31. Ne6 Bxe6 32. Rxe6 Rd8 33. Rexc6 Rd1+ 34. Kg2 Rd2 35. Rc8+ Kf7 36. R4c7+ Kf6 37. g5+ 1-0

[Event "Ottawa RA Fall op"]
[Site "Ottawa CAN"]
[Date "2025.09.26"]
[Round "1.1"]
[White "Chiku-Ratte, Olivier-Kenta"]
[Black "Zhu, Elber"]
[Result "1-0"]
[WhiteElo "2455"]
[BlackElo "2115"]
[WhiteFideId "-1"]
[WhiteFideId "-1"]
[PlyCount "67"]
[GameId "2228657651878504"]
[EventDate "2025.09.26"]
[EventType "swiss"]
[EventRounds "5"]
[EventCountry "CAN"]

1. d4 Nf6 2. c4 e6 3. Nf3 d5 4. g3 Bb4+ 5. Bd2 Be7 6. Qc2 O-O 7. Bg2 c6 8. O-O Nbd7 9. b3 b6 10. Bc3 Ba6 11. Nbd2 Rc8 12. e4 dxe4 13. Nxe4 Nxe4 14. Qxe4 Nf6 15. Qc2 b5 16. Ne5 c5 17. dxc5 bxc4 18. b4 Nd5 19. Rad1 Bf6 20. Bxd5 exd5 21. Ng4 Bxc3 22. Qxc3 Bb7 23. Ne3 Qg5 24. Rd4 h5 25. Rfd1 Rfd8 26. Qd2 a5 27. a3 axb4 28. axb4 Re8 29. Nxc4 Qxd2 30. Nxd2 Bc6 31. Nb1 Re2 32. Nc3 Rb2 33. Rb1 Rxb1+ 34. Nxb1 1-0

[Event "Ottawa RA Fall op"]
[Site "Ottawa CAN"]
[Date "2025.09.26"]
[Round "1.2"]
[White "Pelev, Iassen"]
[Black "Latorre, Vincent"]
[Result "1/2-1/2"]
[WhiteElo "2068"]
[BlackElo "2443"]
[WhiteFideId "-1"]
[WhiteFideId "-1"]
[PlyCount "30"]
[GameId "2227077289484452"]
[EventDate "2025.09.26"]
[EventType "swiss"]
[EventRounds "5"]
[EventCountry "CAN"]

1. e4 e5 2. Nf3 Nc6 3. Bb5 a6 4. Ba4 Nf6 5. O-O Bc5 6. Nxe5 Nxe5 7. d4 b5 8. Bb3 Bxd4 9. Qxd4 d6 10. f4 Ng6 11. c4 O-O 12. Nc3 Bb7 13. Bd2 Re8 14. Rae1 Nf8 15. Nd5 N8d7 1/2-1/2

[Event "Ottawa RA Fall op"]
[Site "Ottawa CAN"]
[Date "2025.09.26"]
[Round "1.3"]
[White "Lai, Duc Minh"]
[Black "Hong, Zihan"]
[Result "1-0"]
[WhiteElo "2374"]
[BlackElo "2021"]
[WhiteFideId "-1"]
[WhiteFideId "-1"]
[PlyCount "95"]
[GameId "2227391114686898"]
[EventDate "2025.09.26"]
[EventType "swiss"]
[EventRounds "5"]
[EventCountry "CAN"]

1. d4 d5 2. c4 dxc4 3. Nf3 a6 4. a4 Nf6 5. e3 e6 6. Bxc4 c5 7. O-O Nc6 8. Qe2 cxd4 9. Rd1 Be7 10. exd4 O-O 11. Nc3 Nb4 12. Bg5 Nfd5 13. Bxe7 Nxe7 14. Ne4 h6 15. Ne5 Ned5 16. Ra3 f5 17. Nc5 b6 18. Nxe6 Bxe6 19. Nc6 Qd6 20. Nxb4 Rfe8 21. Nd3 Nc3 22. Rxc3 Bxc4 23. Qc2 Bxd3 24. Qb3+ Kh8 25. Rcxd3 Re2 26. g3 Rae8 27. Kg2 f4 28. Rf3 fxg3 29. hxg3 Rf8 30. Rxf8+ Qxf8 31. Qf3 Qe8 32. b3 Qe4 33. d5 Qe8 34. d6 Re6 35. d7 Qd8 36. Qf7 Re2 37. Rc1 Re7 38. Rc8 Rxf7 39. Rxd8+ Kh7 40. Rh8+ Kxh8 41. d8=Q+ Kh7 42. Qxb6 Rf6 43. Qb7 Kg6 44. b4 Kh7 45. a5 h5 46. b5 axb5 47. Qxb5 g6 48. a6 1-0

[Event "Ottawa RA Fall op"]
[Site "Ottawa CAN"]
[Date "2025.09.26"]
[Round "1.4"]
[White "Kellar, Ben"]
[Black "Moses, Neil"]
[Result "1-0"]
[WhiteElo "2013"]
[BlackElo "2368"]
[WhiteFideId "-1"]
[WhiteFideId "-1"]
[PlyCount "109"]
[GameId "2227391115051443"]
[EventDate "2025.09.26"]
[EventType "swiss"]
[EventRounds "5"]
[EventCountry "CAN"]

1. d4 d5 2. c4 c6 3. Nf3 Nf6 4. Nc3 e6 5. Bg5 Be7 6. Bxf6 Bxf6 7. e4 dxe4 8. Nxe4 Be7 9. Bd3 Bb4+ 10. Nc3 c5 11. d5 Bxc3+ 12. bxc3 O-O 13. O-O exd5 14. cxd5 Bg4 15. c4 Qf6 16. Qb1 Bxf3 17. gxf3 b6 18. Bxh7+ Kh8 19. Bf5 g6 20. Bg4 Na6 21. Kg2 Kg7 22. a3 Nc7 23. Qd3 Ne8 24. Rh1 Nd6 25. Rac1 Rae8 26. h4 Rh8 27. Qd2 Re5 28. Qc3 Re2 29. Qxf6+ Kxf6 30. Kg3 Ra2 31. Rc3 Re8 32. h5 gxh5 33. Rxh5 Ree2 34. Rh6+ Ke7 35. Rh8 Rac2 36. Re3+ Rxe3 37. fxe3 Rc3 38. Kf4 Rxc4+ 39. e4 Kf6 40. Rh6+ Ke7 41. Ke5 f6+ 42. Rxf6 Nf7+ 43. Rxf7+ Kxf7 44. Kd6 Rc1 45. Bh5+ Kf8 46. e5 c4 47. e6 Re1 48. Bg6 c3 49. Kd7 Re5 50. d6 Kg7 51. Bc2 Kf6 52. e7 Kf7 53. Bb3+ Kg7 54. e8=Q Rxe8 55. Kxe8 1-0

[Event "Ottawa RA Fall op"]
[Site "Ottawa CAN"]
[Date "2025.09.26"]
[Round "1.5"]
[White "Adam, Rafael"]
[Black "Li, Yilin"]
[Result "1-0"]
[WhiteElo "2290"]
[BlackElo "2005"]
[WhiteFideId "-1"]
[WhiteFideId "-1"]
[PlyCount "75"]
[GameId "2227391115051444"]
[EventDate "2025.09.26"]
[EventType "swiss"]
[EventRounds "5"]
[EventCountry "CAN"]

1. d4 Nf6 2. c4 e6 3. g3 d5 4. Nf3 c6 5. Bg2 Be7 6. Qc2 Nbd7 7. Nbd2 b6 8. e4 dxe4 9. Nxe4 Bb7 10. Nc3 c5 11. d5 exd5 12. Nh4 Ne5 13. Nf5 O-O 14. Nxd5 Ba6 15. Be3 Nd3+ 16. Kd2 Nb4 17. Nfxe7+ Qxe7 18. Qf5 Rad8 19. Rad1 Bc8 20. Qg5 Nbxd5 21. Bxd5 Nxd5 22. Kc1 Nf6 23. Rhe1 Rxd1+ 24. Rxd1 Bb7 25. Bf4 Re8 26. Qf5 Bc8 27. Qd3 Be6 28. h4 Qd7 29. Qf3 Qc8 30. Qd3 Bf5 31. Qd6 Bg4 32. Rd3 Re1+ 33. Kd2 Re8 34. Kc1 b5 35. f3 bxc4 36. Re3 Rd8 37. Qc7 Bd7 38. Qxa7 1-0